000 00826nam0a22002531 4500
001 rc\2633023
005 20250623150325.0
035 _a(NLR Aleph) 006796441
090 _a6198009
_c6198009
100 _a20110914d1932 |||y0rusy50 ca
101 0 _arus
102 _aRU
105 _ay z |||||
200 1 _aМ. Горький и Запад
_fС. Динамов
210 _aМосква
_cЖурн.-газ. объединение
_d1932
_gтипо-лит. "Огонек"
215 _aОбл., 35 с., 5 с. объявл.
_d14х10 см.
225 1 _aБиблиотека "Огонек"
_v№ 59 (712)
700 1 _aДинамов
_bС.С.
_f1901-1939
_gСергей Сергеевич
801 0 _aRU
_bNLR
_gpsbo
801 1 _aRU
_bELAR
_2rusmarc
852 _aNLR
_j33-8/158
942 _cBOOK
980 _aNB